000 00484nam a2200193Ia 4500
005 20250423100030.0
008 250422s9999 xx 000 0 und d
020 _a978-0-13-198926-9 / 0-13-198926-X
050 _aTK 7888.4 .M36/
100 _aM. Moris Mano
245 0 _aLogic and computer design fundamentals
250 _a4th ed.
260 _aNew Jersey
260 _bPearson Education
260 _c2008
300 _a678 p
650 _aComputer Science
942 _cBK
999 _c32081
_d32081